Photo Quiz: Name That Famous Barry - Statistics

General Stats
  • This quiz has been taken 113 times
    52 since last reset
  • The average score is 6 of 16
Answer Stats
Picture Answer % Correct
Barry Gibb
98%
Barry Manilow
93%
Barry White
83%
Barry Humphries
52%
Barry Bonds
43%
Barry McGuigan
37%
Barry Sheene
37%
Barry Cryer
33%
Barry Goldwater
22%
Barry Blue
15%
Barry Davies
15%
Barry Ferguson
15%
Barry Newman
13%
Barry Briggs
9%
Barry Hoban
4%
Barry McGuire
4%
No matching quizzes found
Score Distribution
Percent of People with Each Score
Percentile by Number Answered
Your Score History
You have not taken this quiz since the last reset